INTERNATIONAL REVIEW FOR THE SOCIOLOGY OF SPORT (Record no. 37245)
[ view plain ]
| 000 -LEADER | |
|---|---|
| fixed length control field | 00407nam a2200145Ia 4500 |
| 022 ## - INTERNATIONAL STANDARD SERIAL NUMBER | |
| ISSN | 1461-7218 |
| 050 ## - CALL MARK | |
| Classification number | GV706 .I58/ |
| 245 ## - TITLE STATEMENT | |
| Title | INTERNATIONAL REVIEW FOR THE SOCIOLOGY OF SPORT |
| 250 ## - EDITION / VOLUME STATEMENT | |
| Edition / Volume statement | Vol. 58, No. 6 |
| 260 ## - PUBLICATION, DISTRIBUTION, ETC. (IMPRINT) | |
| Place of publication | London; Thousand Oaks |
| Name of publisher | Sage Publications |
| Year of publication | 2023 |
| 490 ## - SERIES STATEMENT | |
| Series statement | Vol. 58, No. 6 |
| 546 ## - LANGUAGE NOTE | |
| Language note | Sports--Social aspects--Periodicals |
| 942 ## - ADDED ENTRY ELEMENTS (KOHA) | |
| Koha item type | Serials |
| Source of classification | Library of Congress Classification |
No items available.